[Event "XLIV Memoriał Szachowy Ludwika Zamenhofa 2025, Grupa B"]
[Site "Bialystok, Poland"]
[Date "2025.12.29"]
[Round "5.10"]
[White "Szuminski, Jakub"]
[Black "Zielinski, Krzysztof"]
[Result "1-0"]
[TimeControl "90'+30\""]
[WhiteElo "1962"]
[BlackElo "1739"]

1. Nf3 {[%clk 01:28:38]} {[%emt 00:02:21]} d5 {[%clk 01:30:54]} {[%emt
00:00:07]} 2. b3 {[%clk 01:29:04]} {[%emt 00:00:04]} Nf6 {[%clk 01:31:11]}
{[%emt 00:00:12]} 3. Bb2 {[%clk 01:29:29]} {[%emt 00:00:05]} c5 {[%clk
01:30:25]} {[%emt 00:01:16]} 4. e3 {[%clk 01:29:50]} {[%emt 00:00:09]} Nc6
{[%clk 01:30:44]} {[%emt 00:00:12]} 5. Bb5 {[%clk 01:30:15]} {[%emt 00:00:05]}
Qb6 {[%clk 01:29:57]} {[%emt 00:01:17]} 6. c4 {[%clk 01:29:01]} {[%emt
00:01:44]} a6 {[%clk 01:29:19]} {[%emt 00:01:07]} 7. Bxc6+ {[%clk 01:29:19]}
{[%emt 00:00:11]} Qxc6 {[%clk 01:29:23]} {[%emt 00:00:27]} 8. Ne5 {[%clk
01:28:54]} {[%emt 00:00:55]} Qc7 {[%clk 01:28:39]} {[%emt 00:01:15]} 9. cxd5
{[%clk 01:27:20]} {[%emt 00:02:04]} Nxd5 {[%clk 01:28:36]} {[%emt 00:00:32]} 10.
O-O {[%clk 01:23:50]} {[%emt 00:04:01]} e6 {[%clk 01:27:12]} {[%emt 00:01:53]}
11. f4 {[%clk 01:22:22]} {[%emt 00:01:58]} b6 {[%clk 01:24:23]} {[%emt
00:03:19]} 12. Qg4 {[%clk 01:20:14]} {[%emt 00:02:35]} Nf6 {[%clk 01:24:02]}
{[%emt 00:00:53]} 13. Qh3 {[%clk 01:17:14]} {[%emt 00:03:28]} Bb7 {[%clk
01:22:59]} {[%emt 00:01:36]} 14. d3 {[%clk 01:13:43]} {[%emt 00:04:01]} Nd7
{[%clk 01:22:25]} {[%emt 00:01:04]} 15. e4 {[%clk 01:11:07]} {[%emt 00:03:05]}
Nxe5 {[%clk 01:21:59]} {[%emt 00:00:57]} 16. Bxe5 {[%clk 01:11:23]} {[%emt
00:00:14]} Qd7 {[%clk 01:22:13]} {[%emt 00:00:15]} 17. Nd2 {[%clk 01:10:20]}
{[%emt 00:01:33]} f6 {[%clk 01:19:45]} {[%emt 00:03:00]} 18. Bb2 {[%clk
01:10:04]} {[%emt 00:00:45]} O-O-O {[%clk 01:19:50]} {[%emt 00:00:25]} 19. Nc4
{[%clk 01:09:27]} {[%emt 00:01:06]} Kb8 {[%clk 01:17:13]} {[%emt 00:03:08]} 20.
Rfd1 {[%clk 01:07:41]} {[%emt 00:02:15]} Ka7 {[%clk 01:17:15]} {[%emt
00:00:29]} 21. a3 {[%clk 01:06:31]} {[%emt 00:01:41]} Bd6 {[%clk 01:14:18]}
{[%emt 00:03:25]} 22. Qe3 {[%clk 01:04:50]} {[%emt 00:02:05]} Qc6 {[%clk
01:13:20]} {[%emt 00:01:35]} 23. Qf2 {[%clk 01:03:34]} {[%emt 00:01:44]} Qc7
{[%clk 01:13:05]} {[%emt 00:00:47]} 24. g3 {[%clk 01:00:17]} {[%emt 00:03:46]}
f5 {[%clk 01:10:14]} {[%emt 00:03:22]} 25. Qe3 {[%clk 00:58:21]} {[%emt
00:02:23]} Rhg8 {[%clk 01:09:08]} {[%emt 00:01:39]} 26. b4 {[%clk 00:57:18]}
{[%emt 00:01:33]} fxe4 {[%clk 01:08:48]} {[%emt 00:00:50]} 27. dxe4 {[%clk
00:56:30]} {[%emt 00:01:19]} cxb4 {[%clk 01:08:46]} {[%emt 00:00:32]} 28. Nxd6
{[%clk 00:54:33]} {[%emt 00:02:27]} Rxd6 {[%clk 01:09:08]} {[%emt 00:00:08]} 29.
Be5 {[%clk 00:51:17]} {[%emt 00:03:45]} Rxd1+ {[%clk 01:07:41]} {[%emt
00:01:57]} 30. Rxd1 {[%clk 00:51:43]} {[%emt 00:00:04]} Qc2 {[%clk 01:07:44]}
{[%emt 00:00:27]} 31. Rc1 {[%clk 00:48:09]} {[%emt 00:04:04]} Qa4 {[%clk
01:05:25]} {[%emt 00:02:50]} 32. Bc7 {[%clk 00:44:35]} {[%emt 00:04:04]} bxa3
{[%clk 01:04:16]} {[%emt 00:01:38]} 33. Qxb6+ {[%clk 00:43:53]} {[%emt
00:01:12]} Ka8 {[%clk 01:04:42]} {[%emt 00:00:04]} 34. Re1 {[%clk 00:42:46]}
{[%emt 00:01:37]} Rc8 {[%clk 01:01:14]} {[%emt 00:03:58]} 35. Be5 {[%clk
00:42:31]} {[%emt 00:00:44]} Qc4 {[%clk 01:00:45]} {[%emt 00:01:00]} 36. Bd4
{[%clk 00:42:13]} {[%emt 00:00:47]} Kb8 {[%clk 01:00:10]} {[%emt 00:01:06]} 37.
Rb1 {[%clk 00:36:50]} {[%emt 00:05:53]} Rc7 {[%clk 00:53:51]} {[%emt 00:06:49]}
38. Be5 {[%clk 00:37:05]} {[%emt 00:00:15]} Kc8 {[%clk 00:54:17]} {[%emt
00:00:04]} 39. Qxc7+ {[%clk 00:36:16]} {[%emt 00:01:19]} Qxc7 {[%clk 00:54:41]}
{[%emt 00:00:07]} 40. Bxc7 {[%clk 00:36:39]} {[%emt 00:00:06]} Kxc7 {[%clk
00:55:10]} {[%emt 00:00:02]} 41. Ra1 {[%clk 00:35:24]} {[%emt 00:01:44]} Bxe4
{[%clk 00:54:15]} {[%emt 00:01:25]} 42. Rxa3 {[%clk 00:35:32]} {[%emt
00:00:23]} Kb6 {[%clk 00:53:54]} {[%emt 00:00:50]} 43. Kf2 {[%clk 00:35:58]}
{[%emt 00:00:04]} Bb7 {[%clk 00:53:41]} {[%emt 00:00:42]} 44. Ke3 {[%clk
00:35:48]} {[%emt 00:00:41]} Kc5 {[%clk 00:54:01]} {[%emt 00:00:10]} 45. Ra1
{[%clk 00:35:52]} {[%emt 00:00:26]} g6 {[%clk 00:53:40]} {[%emt 00:00:52]} 46.
Rc1+ {[%clk 00:36:12]} {[%emt 00:00:09]} Kd6 {[%clk 00:53:01]} {[%emt
00:01:09]} 47. Kd4 {[%clk 00:36:38]} {[%emt 00:00:04]} Bc6 {[%clk 00:53:05]}
{[%emt 00:00:26]} 48. Rc5 {[%clk 00:36:02]} {[%emt 00:01:03]} Bd7 {[%clk
00:51:06]} {[%emt 00:02:32]} 49. h4 {[%clk 00:36:05]} {[%emt 00:00:27]} Bc6
{[%clk 00:51:24]} {[%emt 00:00:13]} 50. h5 {[%clk 00:35:53]} {[%emt 00:00:41]}
Bd7 {[%clk 00:50:13]} {[%emt 00:01:41]} 51. hxg6 {[%clk 00:35:55]} {[%emt
00:00:28]} hxg6 {[%clk 00:50:35]} {[%emt 00:00:09]} 52. Rg5 {[%clk 00:36:21]}
{[%emt 00:00:03]} Be8 {[%clk 00:50:58]} {[%emt 00:00:07]} 53. Ra5 {[%clk
00:36:03]} {[%emt 00:00:48]} Bb5 {[%clk 00:51:20]} {[%emt 00:00:08]} 54. g4
{[%clk 00:36:04]} {[%emt 00:00:25]} Be2 {[%clk 00:51:28]} {[%emt 00:00:27]} 55.
Rg5 {[%clk 00:36:28]} {[%emt 00:00:05]} Ke7 {[%clk 00:51:21]} {[%emt 00:00:37]}
56. Rxg6 {[%clk 00:36:52]} {[%emt 00:00:06]} Kf7 {[%clk 00:51:46]} {[%emt
00:00:06]} 57. Rg5 {[%clk 00:37:17]} {[%emt 00:00:05]} Kf6 {[%clk 00:52:07]}
{[%emt 00:00:09]} 58. Ke3 {[%clk 00:36:59]} {[%emt 00:00:46]} Bd1 {[%clk
00:52:09]} {[%emt 00:00:29]} 59. Kf2 {[%clk 00:37:23]} {[%emt 00:00:05]} a5
{[%clk 00:52:00]} {[%emt 00:00:40]} 60. Kg3 {[%clk 00:37:41]} {[%emt 00:00:11]}
a4 {[%clk 00:52:25]} {[%emt 00:00:06]} 61. Ra5 {[%clk 00:38:07]} {[%emt
00:00:03]} Kg6 {[%clk 00:52:17]} {[%emt 00:00:34]} 62. g5 {[%clk 00:37:37]}
{[%emt 00:01:05]} Bb3 {[%clk 00:52:31]} {[%emt 00:00:15]} 63. Kf3 {[%clk
00:37:49]} {[%emt 00:00:16]} Bc2 {[%clk 00:51:59]} {[%emt 00:01:05]} 64. Ke3
{[%clk 00:38:12]} {[%emt 00:00:07]} Bd1 {[%clk 00:52:14]} {[%emt 00:00:16]} 65.
Kd4 {[%clk 00:38:35]} {[%emt 00:00:06]} Bc2 {[%clk 00:52:33]} {[%emt 00:00:10]}
66. Ke5 {[%clk 00:39:01]} {[%emt 00:00:05]} Bb3 {[%clk 00:52:44]} {[%emt
00:00:20]} 67. Ra7 {[%clk 00:39:27]} {[%emt 00:00:04]} Kh5 {[%clk 00:52:42]}
{[%emt 00:00:31]} 68. Kf6 {[%clk 00:39:46]} {[%emt 00:00:09]} Kg4 {[%clk
00:52:58]} {[%emt 00:00:16]} 69. g6 {[%clk 00:38:10]} {[%emt 00:02:07]} Kxf4
{[%clk 00:52:45]} {[%emt 00:00:43]} 70. Rxa4+ {[%clk 00:38:32]} {[%emt
00:00:07]} Bxa4 {[%clk 00:52:16]} {[%emt 00:00:59]} 71. g7 {[%clk 00:38:55]}
{[%emt 00:00:07]} Bb3 {[%clk 00:52:23]} {[%emt 00:00:23]} 72. g8=Q {[%clk
00:39:15]} {[%emt 00:00:10]} Bd5 {[%clk 00:52:42]} {[%emt 00:00:10]} 73. Qg5+
{[%clk 00:39:37]} {[%emt 00:00:08]} Ke4 {[%clk 00:52:58]} {[%emt 00:00:14]} 74.
Qg4+ {[%clk 00:39:59]} {[%emt 00:00:07]} Kd3 {[%clk 00:52:39]} {[%emt
00:00:51]} 75. Ke5 {[%clk 00:40:25]} {[%emt 00:00:04]} Kc3 {[%clk 00:52:49]}
{[%emt 00:00:20]} 76. Qd4+ {[%clk 00:40:34]} {[%emt 00:00:20]} Kb3 {[%clk
00:53:02]} {[%emt 00:00:18]} 77. Qc5 {[%clk 00:40:54]} {[%emt 00:00:08]} Bc4
{[%clk 00:52:50]} {[%emt 00:00:44]} 78. Kd4 {[%clk 00:41:16]} {[%emt 00:00:07]}
Bd5 {[%clk 00:53:14]} {[%emt 00:00:07]} 79. Qc3+ {[%clk 00:41:36]} {[%emt
00:00:09]} Ka2 {[%clk 00:53:34]} {[%emt 00:00:11]} 80. Qb4 {[%clk 00:41:57]}
{[%emt 00:00:08]} Bb3 {[%clk 00:53:31]} {[%emt 00:00:34]} 81. Kc3 {[%clk
00:42:08]} {[%emt 00:00:17]} 1-0

[Event "XLIV Memoriał Szachowy Ludwika Zamenhofa 2025, Grupa B"]
[Site "Bialystok, Poland"]
[Date "2025.12.29"]
[Round "5.11"]
[White "Daniel, Damian"]
[Black "Widelski, Kacper"]
[Result "1-0"]
[TimeControl "90'+30\""]
[WhiteElo "2150"]
[BlackElo "1874"]

1. d4 {[%clk 01:30:58]} Nf6 {[%clk 01:29:16]} {[%emt 00:01:44]} 2. c4 {[%clk
01:30:38]} {[%emt 00:00:51]} e6 {[%clk 01:29:33]} {[%emt 00:00:13]} 3. Nc3
{[%clk 01:31:01]} {[%emt 00:00:07]} Bb4 {[%clk 01:29:58]} {[%emt 00:00:05]} 4.
Qc2 {[%clk 01:31:16]} {[%emt 00:00:15]} O-O {[%clk 01:30:01]} {[%emt 00:00:26]}
5. e4 {[%clk 01:31:31]} {[%emt 00:00:16]} d5 {[%clk 01:29:56]} {[%emt
00:00:35]} 6. e5 {[%clk 01:31:49]} {[%emt 00:00:12]} Ne4 {[%clk 01:30:06]}
{[%emt 00:00:20]} 7. a3 {[%clk 01:32:01]} {[%emt 00:00:18]} Bxc3+ {[%clk
01:26:37]} {[%emt 00:03:59]} 8. bxc3 {[%clk 01:32:24]} {[%emt 00:00:08]} c5
{[%clk 01:19:14]} {[%emt 00:07:52]} 9. Bb2 {[%clk 01:32:24]} {[%emt 00:00:30]}
cxd4 {[%clk 01:13:32]} {[%emt 00:06:12]} 10. cxd4 {[%clk 01:32:34]} {[%emt
00:00:19]} Qa5+ {[%clk 01:11:10]} {[%emt 00:02:53]} 11. Ke2 {[%clk 01:32:47]}
{[%emt 00:00:17]} f6 {[%clk 00:44:54]} {[%emt 00:26:46]} 12. f3 {[%clk
01:32:31]} {[%emt 00:00:47]} Ng5 {[%clk 00:44:57]} {[%emt 00:00:27]} 13. h4
{[%clk 01:32:31]} {[%emt 00:00:29]} Nf7 {[%clk 00:45:12]} {[%emt 00:00:14]} 14.
exf6 {[%clk 01:31:05]} {[%emt 00:01:57]} gxf6 {[%clk 00:43:49]} {[%emt
00:01:53]} 15. cxd5 {[%clk 01:26:01]} {[%emt 00:05:35]} exd5 {[%clk 00:36:18]}
{[%emt 00:08:01]} 16. Kf2 {[%clk 01:25:15]} {[%emt 00:01:15]} Nd6 {[%clk
00:35:13]} {[%emt 00:01:35]} 17. Bd3 {[%clk 01:22:21]} {[%emt 00:03:24]} f5
{[%clk 00:34:38]} {[%emt 00:01:05]} 18. Ne2 {[%clk 01:19:52]} {[%emt 00:02:58]}
Bd7 {[%clk 00:30:34]} {[%emt 00:04:35]} 19. Bc3 {[%clk 01:01:19]} {[%emt
00:19:03]} Ne4+ {[%clk 00:24:34]} {[%emt 00:06:31]} 20. Bxe4 {[%clk 00:59:58]}
{[%emt 00:01:50]} 1-0

[Event "XLIV Memoriał Szachowy Ludwika Zamenhofa 2025, Grupa B"]
[Site "Bialystok, Poland"]
[Date "2025.12.29"]
[Round "5.12"]
[White "Ciszewski, Krzysztof"]
[Black "Wasiluk, Mateusz"]
[Result "1/2-1/2"]
[TimeControl "90'+30\""]
[WhiteElo "2091"]
[BlackElo "1890"]

1. d4 {[%clk 01:21:40]} {[%emt 00:09:11]} Nf6 {[%clk 01:30:21]} {[%emt
00:00:48]} 2. c4 {[%clk 01:22:05]} {[%emt 00:00:06]} e6 {[%clk 01:30:44]}
{[%emt 00:00:07]} 3. Nc3 {[%clk 01:22:30]} {[%emt 00:00:04]} Bb4 {[%clk
01:31:07]} {[%emt 00:00:07]} 4. e3 {[%clk 01:22:48]} {[%emt 00:00:12]} O-O
{[%clk 01:31:28]} {[%emt 00:00:08]} 5. Bd3 {[%clk 01:23:15]} {[%emt 00:00:04]}
d5 {[%clk 01:31:49]} {[%emt 00:00:09]} 6. Nf3 {[%clk 01:23:35]} {[%emt
00:00:10]} dxc4 {[%clk 01:32:11]} {[%emt 00:00:08]} 7. Bxc4 {[%clk 01:23:57]}
{[%emt 00:00:08]} c5 {[%clk 01:32:33]} {[%emt 00:00:08]} 8. a3 {[%clk
01:23:09]} {[%emt 00:01:18]} cxd4 {[%clk 01:27:40]} {[%emt 00:05:23]} 9. axb4
{[%clk 01:19:43]} {[%emt 00:03:56]} dxc3 {[%clk 01:27:51]} {[%emt 00:00:19]} 10.
Qxd8 {[%clk 01:20:03]} {[%emt 00:00:09]} Rxd8 {[%clk 01:28:13]} {[%emt
00:00:08]} 11. bxc3 {[%clk 01:20:28]} {[%emt 00:00:05]} a6 {[%clk 01:13:07]}
{[%emt 00:15:36]} 12. Bb2 {[%clk 01:16:27]} {[%emt 00:04:32]} b6 {[%clk
01:09:26]} {[%emt 00:04:12]} 13. Ke2 {[%clk 01:10:27]} {[%emt 00:06:30]} Bb7
{[%clk 01:08:19]} {[%emt 00:01:37]} 14. Rhd1 {[%clk 01:10:26]} {[%emt
00:00:30]} Nbd7 {[%clk 01:06:36]} {[%emt 00:02:13]} 15. b5 {[%clk 01:07:11]}
{[%emt 00:03:45]} a5 {[%clk 00:59:19]} {[%emt 00:07:48]} 16. Rd4 {[%clk
00:58:50]} {[%emt 00:08:51]} e5 {[%clk 00:49:22]} {[%emt 00:10:27]} 17. Rdd1
{[%clk 00:54:48]} {[%emt 00:04:30]} Rac8 {[%clk 00:47:21]} {[%emt 00:02:32]} 18.
Ba2 {[%clk 00:54:29]} {[%emt 00:00:49]} Bxf3+ {[%clk 00:38:45]} {[%emt
00:09:06]} 19. gxf3 {[%clk 00:53:52]} {[%emt 00:01:06]} Nc5 {[%clk 00:38:05]}
{[%emt 00:01:11]} 20. c4 {[%clk 00:51:38]} {[%emt 00:02:44]} e4 {[%clk
00:37:32]} {[%emt 00:01:03]} 21. fxe4 {[%clk 00:40:59]} {[%emt 00:11:09]} Nfxe4
{[%clk 00:37:44]} {[%emt 00:00:19]} 22. Rxd8+ {[%clk 00:40:44]} {[%emt
00:00:44]} Rxd8 {[%clk 00:38:01]} {[%emt 00:00:14]} 23. Bd4 {[%clk 00:41:01]}
{[%emt 00:00:12]} Ne6 {[%clk 00:24:43]} {[%emt 00:13:48]} 24. f3 {[%clk
00:33:03]} {[%emt 00:08:28]} N4c5 {[%clk 00:23:32]} {[%emt 00:01:41]} 25. Rd1
{[%clk 00:31:00]} {[%emt 00:02:33]} f5 {[%clk 00:20:31]} {[%emt 00:03:31]} 26.
Bb1 {[%clk 00:26:29]} {[%emt 00:05:01]} g6 {[%clk 00:20:46]} {[%emt 00:00:15]}
27. Be5 {[%clk 00:24:54]} {[%emt 00:02:04]} Rxd1 {[%clk 00:20:53]} {[%emt
00:00:24]} 28. Kxd1 {[%clk 00:25:18]} {[%emt 00:00:05]} Kf7 {[%clk 00:20:35]}
{[%emt 00:00:48]} 29. Kd2 {[%clk 00:21:55]} {[%emt 00:03:53]} 1/2-1/2

[Event "XLIV Memoriał Szachowy Ludwika Zamenhofa 2025, Grupa B"]
[Site "Bialystok, Poland"]
[Date "2025.12.29"]
[Round "5.13"]
[White "Kicinski, Jacek"]
[Black "Maciejewski, Kamil"]
[Result "1-0"]
[TimeControl "90'+30\""]
[WhiteElo "1878"]
[BlackElo "2036"]

1. d4 {[%clk 01:30:56]} {[%emt 00:00:03]} Nf6 {[%clk 01:30:44]} {[%emt
00:00:16]} 2. Nf3 {[%clk 01:31:22]} {[%emt 00:00:05]} d5 {[%clk 01:30:53]}
{[%emt 00:00:22]} 3. Bg5 {[%clk 01:31:36]} {[%emt 00:00:15]} e6 {[%clk
01:21:32]} {[%emt 00:09:51]} 4. e3 {[%clk 01:31:12]} {[%emt 00:00:53]} h6
{[%clk 01:18:47]} {[%emt 00:03:16]} 5. Bh4 {[%clk 01:31:12]} {[%emt 00:00:30]}
Be7 {[%clk 01:10:37]} {[%emt 00:08:40]} 6. Nbd2 {[%clk 01:30:56]} {[%emt
00:00:45]} O-O {[%clk 01:00:57]} {[%emt 00:10:11]} 7. Bd3 {[%clk 01:29:53]}
{[%emt 00:01:33]} b6 {[%clk 01:00:24]} {[%emt 00:01:03]} 8. O-O {[%clk
01:29:37]} {[%emt 00:00:46]} Bb7 {[%clk 00:56:29]} {[%emt 00:04:26]} 9. Ne5
{[%clk 01:28:03]} {[%emt 00:02:03]} Nfd7 {[%clk 00:49:16]} {[%emt 00:07:43]} 10.
Bxe7 {[%clk 01:27:30]} {[%emt 00:01:03]} Qxe7 {[%clk 00:49:40]} {[%emt
00:00:05]} 11. f4 {[%clk 01:26:58]} {[%emt 00:01:02]} Nxe5 {[%clk 00:43:35]}
{[%emt 00:06:37]} 12. fxe5 {[%clk 01:26:48]} {[%emt 00:00:39]} c5 {[%clk
00:42:00]} {[%emt 00:02:05]} 13. c3 {[%clk 01:26:26]} {[%emt 00:00:51]} Ba6
{[%clk 00:40:14]} {[%emt 00:02:16]} 14. Bxa6 {[%clk 01:23:46]} {[%emt
00:03:11]} Nxa6 {[%clk 00:40:37]} {[%emt 00:00:06]} 15. Rf3 {[%clk 01:20:49]}
{[%emt 00:03:27]} b5 {[%clk 00:38:15]} {[%emt 00:02:52]} 16. Rg3 {[%clk
01:14:27]} {[%emt 00:06:52]} Kh8 {[%clk 00:27:27]} {[%emt 00:11:19]} 17. Qg4
{[%clk 01:08:32]} {[%emt 00:06:24]} Rg8 {[%clk 00:27:30]} {[%emt 00:00:28]} 18.
Rf1 {[%clk 01:07:32]} {[%emt 00:01:29]} Raf8 {[%clk 00:26:19]} {[%emt
00:01:42]} 19. Nf3 {[%clk 00:48:21]} {[%emt 00:19:41]} g5 {[%clk 00:20:19]}
{[%emt 00:06:30]} 20. Qh3 {[%clk 00:29:11]} {[%emt 00:19:39]} Kh7 {[%clk
00:18:32]} {[%emt 00:02:16]} 21. Qh5 {[%clk 00:22:14]} {[%emt 00:07:28]} Rg6
{[%clk 00:16:53]} {[%emt 00:02:10]} 22. Rg4 {[%clk 00:17:44]} {[%emt 00:05:00]}
Nc7 {[%clk 00:12:06]} {[%emt 00:05:17]} 23. dxc5 {[%clk 00:11:26]} {[%emt
00:06:48]} Ne8 {[%clk 00:12:00]} {[%emt 00:00:35]} 24. b4 {[%clk 00:11:21]}
{[%emt 00:00:35]} Ng7 {[%clk 00:11:46]} {[%emt 00:00:44]} 25. Qh3 {[%clk
00:11:09]} {[%emt 00:00:42]} h5 {[%clk 00:07:42]} {[%emt 00:04:35]} 26. Ne1
{[%clk 00:08:39]} {[%emt 00:02:59]} Kg8 {[%clk 00:05:09]} {[%emt 00:03:03]} 27.
Rd4 {[%clk 00:08:54]} {[%emt 00:00:15]} g4 {[%clk 00:05:15]} {[%emt 00:00:24]}
28. Qg3 {[%clk 00:09:11]} {[%emt 00:00:13]} Nf5 {[%clk 00:04:35]} {[%emt
00:01:10]} 29. Rxf5 {[%clk 00:09:26]} {[%emt 00:00:15]} exf5 {[%clk 00:05:01]}
{[%emt 00:00:04]} 30. Rxd5 {[%clk 00:09:41]} {[%emt 00:00:16]} Rd8 {[%clk
00:01:49]} {[%emt 00:03:42]} 31. Rd6 {[%clk 00:09:56]} {[%emt 00:00:15]} Re6
{[%clk 00:02:00]} {[%emt 00:00:19]} 32. Qf4 {[%clk 00:09:49]} {[%emt 00:00:36]}
f6 {[%clk 00:00:43]} {[%emt 00:01:48]} 33. Qxf5 {[%clk 00:09:37]} {[%emt
00:00:42]} Rexd6 {[%clk 00:00:48]} {[%emt 00:00:26]} 34. Qg6+ {[%clk 00:06:51]}
{[%emt 00:03:15]} Qg7 {[%clk 00:00:32]} {[%emt 00:00:46]} 35. Qxg7+ {[%clk
00:07:10]} {[%emt 00:00:10]} Kxg7 {[%clk 00:00:59]} {[%emt 00:00:04]} 36. exd6
{[%clk 00:07:31]} {[%emt 00:00:09]} Kf7 {[%clk 00:00:43]} {[%emt 00:00:47]} 37.
Nd3 {[%clk 00:07:56]} {[%emt 00:00:04]} Ke6 {[%clk 00:00:32]} {[%emt 00:00:41]}
38. Nf4+ {[%clk 00:06:40]} {[%emt 00:01:45]} Kd7 {[%clk 00:00:33]} {[%emt
00:00:30]} 39. Kf2 {[%clk 00:06:45]} {[%emt 00:00:24]} h4 {[%clk 00:00:37]}
{[%emt 00:00:26]} 40. e4 {[%clk 00:06:36]} {[%emt 00:00:39]} a5 {[%clk
00:00:33]} {[%emt 00:00:35]} 41. Nd5 {[%clk 00:06:54]} {[%emt 00:00:12]} axb4
{[%clk 00:00:49]} {[%emt 00:00:15]} 42. cxb4 {[%clk 00:07:22]} Ke6 {[%clk
00:00:32]} {[%emt 00:00:47]} 43. Nc7+ {[%clk 00:07:15]} {[%emt 00:00:36]} Kd7
{[%clk 00:00:55]} {[%emt 00:00:07]} 44. Nxb5 {[%clk 00:07:27]} {[%emt
00:00:18]} f5 {[%clk 00:00:42]} {[%emt 00:00:43]} 45. exf5 {[%clk 00:07:29]}
{[%emt 00:00:29]} Rf8 {[%clk 00:00:55]} {[%emt 00:00:17]} 46. Nd4 {[%clk
00:06:20]} {[%emt 00:01:39]} Ra8 {[%clk 00:01:13]} {[%emt 00:00:12]} 47. f6
{[%clk 00:04:12]} {[%emt 00:02:37]} Rf8 {[%clk 00:01:14]} {[%emt 00:00:30]} 48.
b5 {[%clk 00:04:37]} {[%emt 00:00:06]} Rxf6+ {[%clk 00:01:38]} {[%emt
00:00:05]} 49. Ke3 {[%clk 00:04:49]} {[%emt 00:00:17]} g3 {[%clk 00:00:38]}
{[%emt 00:01:31]} 50. hxg3 {[%clk 00:05:12]} {[%emt 00:00:07]} hxg3 {[%clk
00:01:04]} {[%emt 00:00:04]} 51. b6 {[%clk 00:05:35]} {[%emt 00:00:06]} Kc8
{[%clk 00:01:17]} {[%emt 00:00:18]} 52. a4 {[%clk 00:05:11]} {[%emt 00:00:53]}
Rf2 {[%clk 00:00:37]} {[%emt 00:01:11]} 53. c6 {[%clk 00:05:17]} {[%emt
00:00:24]} Rxg2 {[%clk 00:00:33]} {[%emt 00:00:34]} 54. d7+ {[%clk 00:05:35]}
{[%emt 00:00:11]} Kd8 {[%clk 00:00:56]} {[%emt 00:00:08]} 55. Ne6+ {[%clk
00:05:57]} {[%emt 00:00:07]} Ke7 {[%clk 00:01:20]} {[%emt 00:00:07]} 56. d8=Q+
{[%clk 00:06:18]} {[%emt 00:00:09]} Kxe6 {[%clk 00:01:44]} {[%emt 00:00:05]} 57.
c7 {[%clk 00:06:17]} {[%emt 00:00:32]} Kd5 {[%emt 00:00:09]} 58. Ke4+ 1-0

[Event "XLIV Memoriał Szachowy Ludwika Zamenhofa 2025, Grupa B"]
[Site "Bialystok, Poland"]
[Date "2025.12.29"]
[Round "5.14"]
[White "Ptaszynski, Szymon"]
[Black "Olejko, Wojciech"]
[Result "1-0"]
[TimeControl "90'+30\""]
[WhiteElo "2025"]
[BlackElo "1853"]

1. e4 {[%clk 01:30:41]} {[%emt 00:00:18]} e6 {[%clk 01:30:58]} {[%emt
00:00:02]} 2. d4 {[%clk 01:31:06]} {[%emt 00:00:06]} d5 {[%clk 01:31:25]}
{[%emt 00:00:03]} 3. Nc3 {[%clk 01:31:20]} {[%emt 00:00:16]} Nf6 {[%clk
01:31:46]} {[%emt 00:00:09]} 4. e5 {[%clk 01:31:42]} {[%emt 00:00:08]} Nfd7
{[%clk 01:32:14]} {[%emt 00:00:02]} 5. Nce2 {[%clk 01:31:50]} {[%emt 00:00:22]}
c5 {[%clk 01:32:41]} {[%emt 00:00:03]} 6. c3 {[%clk 01:32:16]} {[%emt
00:00:05]} Nc6 {[%clk 01:32:52]} {[%emt 00:00:18]} 7. f4 {[%clk 01:32:33]}
{[%emt 00:00:13]} Be7 {[%clk 01:31:51]} {[%emt 00:01:31]} 8. Nf3 {[%clk
01:32:54]} {[%emt 00:00:09]} Rb8 {[%clk 01:30:21]} {[%emt 00:01:59]} 9. a3
{[%clk 01:32:52]} {[%emt 00:00:32]} b5 {[%clk 01:29:28]} {[%emt 00:01:24]} 10.
g4 {[%clk 01:32:35]} {[%emt 00:00:47]} h5 {[%clk 01:29:16]} {[%emt 00:00:41]}
11. gxh5 {[%clk 01:31:05]} {[%emt 00:02:01]} Rxh5 {[%clk 01:24:15]} {[%emt
00:05:31]} 12. Rg1 {[%clk 01:26:47]} {[%emt 00:04:47]} g6 {[%clk 01:23:13]}
{[%emt 00:01:32]} 13. Qc2 {[%clk 01:27:06]} {[%emt 00:00:11]} Nf8 {[%clk
01:22:25]} {[%emt 00:01:18]} 14. Be3 {[%clk 01:20:42]} {[%emt 00:06:54]} c4
{[%clk 01:21:59]} {[%emt 00:00:57]} 15. Bg2 {[%clk 01:19:37]} {[%emt 00:01:33]}
a5 {[%clk 01:12:23]} {[%emt 00:10:07]} 16. Kf2 {[%clk 01:19:03]} {[%emt
00:01:04]} a4 {[%clk 00:57:10]} {[%emt 00:15:44]} 17. Rh1 {[%clk 01:14:52]}
{[%emt 00:04:40]} Kd7 {[%clk 00:55:08]} {[%emt 00:02:28]} 18. Ng5 {[%clk
01:08:57]} {[%emt 00:06:28]} Qe8 {[%clk 00:52:09]} {[%emt 00:03:30]} 19. h4
{[%clk 01:08:12]} {[%emt 00:01:16]} Nh7 {[%clk 00:43:27]} {[%emt 00:09:11]} 20.
Ng3 {[%clk 01:05:26]} {[%emt 00:03:16]} Rh6 {[%clk 00:40:51]} {[%emt 00:03:05]}
21. h5 {[%clk 00:56:06]} {[%emt 00:09:51]} Nf8 {[%clk 00:30:56]} {[%emt
00:10:26]} 22. hxg6 {[%clk 00:45:11]} {[%emt 00:11:24]} Rxg6 {[%clk 00:30:47]}
{[%emt 00:00:39]} 23. Rh8 {[%clk 00:44:11]} {[%emt 00:01:29]} Kc7 {[%clk
00:26:20]} {[%emt 00:04:58]} 24. Nh5 {[%clk 00:37:39]} {[%emt 00:07:02]} Bxg5
{[%clk 00:25:51]} {[%emt 00:00:59]} 25. fxg5 {[%clk 00:38:02]} Qe7 {[%clk
00:26:02]} {[%emt 00:00:24]} 26. Nf6 {[%emt 00:00:54]} Bb7 {[%emt 00:10:30]} 27.
Bxd5 {[%clk 00:27:49]} {[%emt 00:02:15]} Nxd4 28. cxd4 {[%emt 00:01:04]} Bxd5
{[%emt 00:00:28]} 29. Qc3 {[%emt 00:02:51]} Bc6 {[%clk 00:23:40]} {[%emt
00:00:07]} 30. Qa5+ {[%clk 00:26:14]} {[%emt 00:00:31]} Kc8 {[%clk 00:23:01]}
{[%emt 00:01:09]} 31. Qa6+ {[%emt 00:00:58]} Kc7 {[%emt 00:00:25]} 32. Bd2
{[%emt 00:03:10]} b4 {[%emt 00:01:05]} 33. Qxc4 {[%clk 00:23:44]} {[%emt
00:00:31]} bxa3 {[%clk 00:22:13]} {[%emt 00:00:11]} 34. Rc1 {[%clk 00:23:54]}
{[%emt 00:00:20]} 1-0